|
003 -Nazwa inst., której nr kontr. jest w polu 001 [,]
|
-
- @
- Nazwa instytucji, której n kontrolny jest w polu 001
- NUKAT
|
|
005 -DATA I CZAS OSTATNIEJ MODYFIKACJI [,]
|
-
- @
- pole kontrolne
- 20241231103057.0
|
|
020 -Międzynarod. znormalizowany nr książki - ISBN [ , ]
|
-
- a
- Numer ISBN
- 9788378187165
|
|
040 -Instytucja sporządzająca opis [ , ]
|
-
- a
- Instytucja, która sporządziła opis (NP)
- BYDG 22/RB
-
- c
- Instytucja, która sporządziła rekord (NP)
- BYDG 22/RBs
-
- d
- Instytucja, która zmodyfikowała rekord (P)
- BYDG 22/AJ
-
- d
- Instytucja, która zmodyfikowała rekord (P)
- WA 162/ECZ
-
- d
- Instytucja, która zmodyfikowała rekord (P)
- WA M/MM
|
|
041 -Język dokumentu [1, ]
|
-
- a
- Język tekstu (P)
- polski
-
- h
- Język tekstu oryginalnego i/lub pośredniego (P)
- angielski
|
|
942 -Rodzaj dokumentu [ , ]
|
-
- c
- Rodzaj dokumentu
- Książka
|
|
240 -Tytuł ujednolicony [1,0]
|
-
- a
- Tytuł ujednolicony
- Biology
-
-
|
|
245 -Strefa tytułu i oznaczenia odpowiedzialności [1,0]
|
-
- a
- Tytuł
- Biologia Campbella /
-
- c
- Pozostałe elementy strefy tytułu i oznaczenia odpowiedzialności (NP)
- Jane B. Reece, Lisa A. Urry, Michael L. Cain, Steven A. Wasserman, Peter V. Minorsky, Robert B. Jackson ; [tłumaczenie Krzysztof Stobrawa, Jan Strzałko, Mirosława Dabert, Jacek Dabert, Justyna Wiland-Szymańska, Adam Woźny, Małgorzata Słocińska, Monika Szymczak, Joanna Pacholska-Bogalska, Paweł Marciniak, Anna Kasprzyk, Elżbieta Czarniewska, Grzegorz Rosiński, Joanna Rosińska, Adrian Surmacki, Jerzy Bandel ; redakcja naukowa Mirosława Dabert i Jacek Dabert].
|
|
246 -Wariant tytułu [1, ]
|
-
- i
- Tekst wyświetlany na ekranie monitora (NP)
- Tyt. oryg.:
-
- a
- Tytuł (NP)
- Campbell biology
|
|
250 -Strefa wydania [ , ]
|
-
- a
- Oznaczenie wydania (NP)
- Wyd. 2 pol., zm., unowocześnione i poszerz. (dodr.).
|
|
260 -Strefa adresu wydawniczego [ , ]
|
-
- a
- Miejsce wydania (P)
- Poznań :
-
- b
- Nazwa wydawcy (P)
- Dom Wydawniczy REBIS,
-
|
|
700 -Hasło dodatkowe - nazwa osobowa [1, ]
|
-
- a
- Nazwa osobowa (NP)
- Reece, Jane B.
-
|
|
700 -Hasło dodatkowe - nazwa osobowa [1, ]
|
-
- a
- Nazwa osobowa (NP)
- Cain, Michael Lee
-
- d
- Daty biograficzne (NP)
- (1956- ).
-
|
|
700 -Hasło dodatkowe - nazwa osobowa [1, ]
|
-
- a
- Nazwa osobowa (NP)
- Wasserman, Steven Alexander.
-
|
|
700 -Hasło dodatkowe - nazwa osobowa [1, ]
|
-
- a
- Nazwa osobowa (NP)
- Minorsky, Peter, V.
-
|
|
700 -Hasło dodatkowe - nazwa osobowa [1, ]
|
-
- a
- Nazwa osobowa (NP)
- Jackson, Rob
-
- d
- Daty biograficzne (NP)
- (1961- ).
-
|
|
700 -Hasło dodatkowe - nazwa osobowa [1, ]
|
-
- a
- Nazwa osobowa (NP)
- Stobrawa, Krzysztof.
-
- e
- Określenie rodzaju współpracy
- Tł.
-
|
|
700 -Hasło dodatkowe - nazwa osobowa [1, ]
|
-
- a
- Nazwa osobowa (NP)
- Strzałko, Jan
-
- d
- Daty biograficzne (NP)
- ( -2016).
-
- e
- Określenie rodzaju współpracy
- Tł.
-
|
|
700 -Hasło dodatkowe - nazwa osobowa [1, ]
|
-
- a
- Nazwa osobowa (NP)
- Dabert, Jacek.
-
- e
- Określenie rodzaju współpracy
- Red.
-
|
|
700 -Hasło dodatkowe - nazwa osobowa [1, ]
|
-
- a
- Nazwa osobowa (NP)
- Urry, Lisa A.
-
|
|
700 -Hasło dodatkowe - nazwa osobowa [1, ]
|
-
- a
- Nazwa osobowa (NP)
- Dabert, Mirosława.
-
- e
- Określenie rodzaju współpracy
- Red.
-
|
|
700 -Hasło dodatkowe - nazwa osobowa [1, ]
|
-
- a
- Nazwa osobowa (NP)
- Wiland-Szymańska, Justyna.
-
- e
- Określenie rodzaju współpracy
- Tł.
-
|
|
700 -Hasło dodatkowe - nazwa osobowa [1, ]
|
-
- a
- Nazwa osobowa (NP)
- Woźny, Adam
-
- d
- Daty biograficzne (NP)
- (1945- ).
-
- e
- Określenie rodzaju współpracy
- Tł.
-
|
|
700 -Hasło dodatkowe - nazwa osobowa [1, ]
|
-
- a
- Nazwa osobowa (NP)
- Słocińska, Małgorzata.
-
- e
- Określenie rodzaju współpracy
- Tł.
-
|
|
700 -Hasło dodatkowe - nazwa osobowa [1, ]
|
-
- a
- Nazwa osobowa (NP)
- Pacholska-Bogalska, Joanna.
-
- e
- Określenie rodzaju współpracy
- Tł.
-
|
|
700 -Hasło dodatkowe - nazwa osobowa [1, ]
|
-
- a
- Nazwa osobowa (NP)
- Marciniak, Paweł
-
- c
- Dopowiedzenie inne niż daty biograficzne (NP)
- (biologia).
-
- e
- Określenie rodzaju współpracy
- Tł.
-
|
|
700 -Hasło dodatkowe - nazwa osobowa [1, ]
|
-
- a
- Nazwa osobowa (NP)
- Kasprzyk, Anna
-
- c
- Dopowiedzenie inne niż daty biograficzne (NP)
- (biologia).
-
- e
- Określenie rodzaju współpracy
- Tł.
-
|
|
700 -Hasło dodatkowe - nazwa osobowa [1, ]
|
-
- a
- Nazwa osobowa (NP)
- Czarniewska, Elżbieta.
-
- e
- Określenie rodzaju współpracy
- Tł.
-
|
|
700 -Hasło dodatkowe - nazwa osobowa [1, ]
|
-
- a
- Nazwa osobowa (NP)
- Rosiński, Grzegorz.
-
- e
- Określenie rodzaju współpracy
- Tł.
-
|
|
700 -Hasło dodatkowe - nazwa osobowa [1, ]
|
-
- a
- Nazwa osobowa (NP)
- Rosińska, Joanna.
-
- e
- Określenie rodzaju współpracy
- Tł.
-
|
|
700 -Hasło dodatkowe - nazwa osobowa [1, ]
|
-
- a
- Nazwa osobowa (NP)
- Surmacki, Adrian.
-
- e
- Określenie rodzaju współpracy
- Tł.
-
|
|
700 -Hasło dodatkowe - nazwa osobowa [1, ]
|
-
- a
- Nazwa osobowa (NP)
- Bandel, Jerzy.
-
- e
- Określenie rodzaju współpracy
- Tł.
-
|
|
700 -Hasło dodatkowe - nazwa osobowa [1, ]
|
-
- a
- Nazwa osobowa (NP)
- Szymczak-Cendlak, Monika.
-
- e
- Określenie rodzaju współpracy
- Tł.
-
|
|
710 -Hasło dodatkowe - nazwa ciała zbiorowego [2, ]
|
-
- a
- Nazwa ciała zbiorowego lub nazwa geograficzna jako pierwszy element (NP)
- Dom Wydawniczy REBIS.
-
-
|